[Event "Klatovy op-B 29th"]
[Site "Klatovy"]
[Date "2023.07.04"]
[Round "4"]
[White "Beran, Jakub"]
[Black "Masek, Jan"]
[Result "0-1"]
[WhiteElo "1596"]
[BlackElo "1817"]
[PlyCount "42"]
[EventDate "2023.07.01"]
[EventType "swiss"]
[EventRounds "9"]
[EventCountry "CZE"]
[SourceTitle "CBM 215 Extra"]
[Source "ChessBase"]
[SourceDate "2023.09.30"]
[SourceVersion "1"]
[SourceVersionDate "2023.09.30"]
[SourceQuality "1"]

1. c4 f5 2. d4 Nf6 3. Nc3 e6 4. Nf3 Be7 5. g3 b6 6. Bg2 Bb7 7. 0-0 0-0 8. Qc2 Qc8 9. b3 Nc6 10. a3 Ne4 11. Nxe4 fxe4 12. Qxe4 Nxd4 13. Qxd4 Bf6 14. Ne5 Bxg2 15. Kxg2 Qb7+ 16. Kg1 d6 17. f4 Rad8 18. Qe3 dxe5 19. fxe5 Be7 20. Bb2 Bc5 21. Rxf8+ Kxf8 0-1

[Event "Mid Bohemia Region-chT 2223"]
[Site "Czech Republic"]
[Date "2023.04.02"]
[Round "11.8"]
[White "Beran, Jakub"]
[Black "Koci, Frantisek"]
[Result "1/2-1/2"]
[WhiteElo "1625"]
[BlackElo "1485"]
[PlyCount "29"]
[EventDate "2022.10.09"]
[EventType "team-tourn"]
[EventRounds "11"]
[EventCountry "CZE"]
[SourceTitle "EXT 2024"]
[Source "ChessBase"]
[SourceDate "2023.10.10"]
[SourceVersion "1"]
[SourceVersionDate "2023.10.10"]
[SourceQuality "1"]
[WhiteTeam "Bakov nad Jizerou II"]
[BlackTeam "Mlada Boleslav Skoda"]
[WhiteTeamCountry "CZE"]
[BlackTeamCountry "CZE"]

1. c4 e5 2. Nc3 Nf6 3. d3 h6 4. g3 Bb4 5. Bd2 c6 6. Nf3 d6 7. Bg2 0-0 8. 0-0 Be6 9. a3 Ba5 10. b4 Bc7 11. Qc2 Bf5 12. e4 Bh7 13. b5 c5 14. a4 a6 15. Rfb1 1/2-1/2

[Event "Mid Bohemia Region-chT 2223"]
[Site "Czech Republic"]
[Date "2023.02.26"]
[Round "9.8"]
[White "Beran, Jakub"]
[Black "Gruber, Milos"]
[Result "0-1"]
[WhiteElo "1625"]
[BlackElo "1899"]
[PlyCount "56"]
[EventDate "2022.10.09"]
[EventType "team-tourn"]
[EventRounds "11"]
[EventCountry "CZE"]
[SourceTitle "EXT 2024"]
[Source "ChessBase"]
[SourceDate "2023.10.10"]
[SourceVersion "1"]
[SourceVersionDate "2023.10.10"]
[SourceQuality "1"]
[WhiteTeam "Bakov nad Jizerou II"]
[BlackTeam "Kralupy nad Vltavou"]
[WhiteTeamCountry "CZE"]
[BlackTeamCountry "CZE"]

1. c4 Nf6 2. Nc3 d5 3. cxd5 Nxd5 4. d4 g6 5. g3 Bg7 6. Bg2 c6 7. Nf3 0-0 8. 0-0 Nd7 9. e4 Nxc3 10. bxc3 Nf6 11. Re1 Bg4 12. Qb3 Qc8 13. Rb1 b6 14. Ng5 h6 15. Nf3 g5 16. Bd2 Be6 17. c4 b5 18. d5 bxc4 19. Qxc4 cxd5 20. Qxc8 Rfxc8 21. exd5 Bxd5 22. Rxe7 Rc2 23. Be3 Rxa2 24. Rd1 a5 25. Ne5 Bxg2 26. Kxg2 a4 27. Nxf7 Nd5 28. Bc5 Nxe7 0-1

[Event "CZE-ch U16"]
[Site "Herlikovice"]
[Date "2021.10.28"]
[Round "7"]
[White "Soucek, Petr"]
[Black "Beran, Jakub"]
[Result "1-0"]
[WhiteElo "2140"]
[BlackElo "1668"]
[PlyCount "83"]
[EventDate "2021.10.23"]
[EventType "swiss"]
[EventRounds "9"]
[EventCountry "CZE"]
[SourceTitle "EXT 2023"]
[Source "ChessBase"]
[SourceDate "2022.10.05"]
[SourceVersion "1"]
[SourceVersionDate "2022.10.05"]
[SourceQuality "1"]

1. e4 c5 2. Nf3 Nc6 3. d4 cxd4 4. Nxd4 d6 5. c4 g6 6. Be3 Bg7 7. Nc3 Nf6 8. f3 Bd7 9. Qd2 a6 10. Be2 Rc8 11. 0-0 0-0 12. Rab1 Ne5 13. b3 Bc6 14. g4 h5 15. h3 Bd7 16. Kg2 Kh7 17. Rfd1 Rh8 18. g5 Ne8 19. f4 Nc6 20. Bf3 e6 21. Nce2 Rb8 22. Nxc6 bxc6 23. c5 d5 24. Ng3 Qc8 25. h4 Nc7 26. a4 f5 27. gxf6 Bxf6 28. e5 Bxh4 29. Qd3 Kg7 30. Ne2 Be8 31. Rg1 Kf8 32. Bf2 Bxf2 33. Kxf2 Qd7 34. Rg5 Qe7 35. Qc3 Bf7 36. Nd4 Qd7 37. Be2 Ke7 38. Bd3 Rhg8 39. Rbg1 Rbf8 40. Ke3 Rg7 41. Qa5 Ra8 42. Qb6 1-0

[Event "CZE-ch U16"]
[Site "Herlikovice"]
[Date "2021.10.23"]
[Round "1"]
[White "Beran, Jakub"]
[Black "Pesek, Jan Antonin"]
[Result "1-0"]
[WhiteElo "1668"]
[BlackElo "1182"]
[PlyCount "77"]
[EventDate "2021.10.23"]
[EventType "swiss"]
[EventRounds "9"]
[EventCountry "CZE"]
[SourceTitle "EXT 2023"]
[Source "ChessBase"]
[SourceDate "2022.10.05"]
[SourceVersion "1"]
[SourceVersionDate "2022.10.05"]
[SourceQuality "1"]

1. c4 c5 2. Nc3 Nf6 3. g3 e6 4. Bg2 d5 5. cxd5 exd5 6. d4 Be6 7. Nf3 Bd6 8. 0-0 Nc6 9. Nb5 0-0 10. Nxd6 Qxd6 11. Bf4 Qe7 12. Rc1 c4 13. b3 cxb3 14. Qxb3 Na5 15. Qb5 Nc4 16. Ne5 Nxe5 17. Bxe5 Ne4 18. Rc7 Qd8 19. Qxb7 Nd2 20. Rfc1 Nc4 21. R1xc4 dxc4 22. Qxa8 Qxa8 23. Bxa8 Rxa8 24. e4 Rc8 25. Rxc8+ Bxc8 26. Kf1 f6 27. Bd6 Kf7 28. Ke1 Ke6 29. Bc5 a6 30. Kd2 Bd7 31. Kc3 Bb5 32. f4 g6 33. d5+ Kd7 34. Kb4 Kc7 35. Bd4 f5 36. e5 Kd8 37. a4 Bxa4 38. Kxa4 Kc7 39. Kb4 1-0

[Event "Mlada Boleslav Region-ch U12"]
[Site "Mlada Boleslav"]
[Date "2017.06.25"]
[Round "6"]
[White "Pesek, Jan Antonin"]
[Black "Beran, Jakub"]
[Result "1/2-1/2"]
[WhiteElo "1266"]
[BlackElo "1214"]
[PlyCount "113"]
[EventDate "2017.06.24"]
[EventType "swiss"]
[EventRounds "7"]
[EventCountry "CZE"]
[SourceTitle "CBM 179 Extra"]
[Source "ChessBase"]
[SourceDate "2017.08.23"]
[SourceVersion "1"]
[SourceVersionDate "2017.08.23"]
[SourceQuality "1"]

1. e4 e5 2. Nf3 Nc6 3. Bc4 Bc5 4. Nc3 Nf6 5. d3 h6 6. 0-0 0-0 7. a3 d6 8. h3 Be6 9. Bxe6 fxe6 10. b4 Bb6 11. Be3 Bxe3 12. fxe3 d5 13. exd5 exd5 14. Nh4 d4 15. exd4 Qxd4+ 16. Kh1 Qxh4 17. Nb5 Nd5 18. Rxf8+ Rxf8 19. c3 a6 20. Qb3 axb5 21. Qxd5+ Kh8 22. Qxb5 Nd8 23. Qxe5 c6 24. Kh2 Qf6 25. Qxf6 Rxf6 26. Re1 Ne6 27. g3 Ng5 28. Kg2 Nf3 29. Re3 Nd2 30. Re1 Kh7 31. Re7 b5 32. Ra7 Nb1 33. c4 bxc4 34. dxc4 Nd2 35. c5 Ne4 36. a4 Rf2+ 37. Kg1 Ra2 38. a5 Rb2 39. Rb7 Nxc5 40. Rb6 Na4 41. Rxc6 Rxb4 42. a6 Rb8 43. a7 Ra8 44. Rc7 Nc5 45. Kf2 Kg6 46. Ke3 Kf6 47. Rxc5 Rxa7 48. Ke4 Ra4+ 49. Kf3 Rb4 50. g4 g6 51. Kg3 Rd4 52. Kf3 Rd3+ 53. Kg2 Ke6 54. Rc6+ Rd6 55. Rxd6+ Kxd6 56. Kg3 Ke5 57. Kf3 1/2-1/2

[Event "Mlada Boleslav Region-ch U12"]
[Site "Mlada Boleslav"]
[Date "2017.06.24"]
[Round "4"]
[White "Cuvala, Tibor"]
[Black "Beran, Jakub"]
[Result "1-0"]
[WhiteElo "1240"]
[BlackElo "1214"]
[PlyCount "71"]
[EventDate "2017.06.24"]
[EventType "swiss"]
[EventRounds "7"]
[EventCountry "CZE"]
[SourceTitle "CBM 179 Extra"]
[Source "ChessBase"]
[SourceDate "2017.08.23"]
[SourceVersion "1"]
[SourceVersionDate "2017.08.23"]
[SourceQuality "1"]

1. e4 e5 2. Nf3 Nc6 3. Bb5 Bc5 4. d3 a6 5. Bxc6 dxc6 6. 0-0 Bg4 7. h3 Bxf3 8. Qxf3 h6 9. Be3 Bd4 10. c3 Bxe3 11. fxe3 Nf6 12. d4 exd4 13. e5 0-0 14. exf6 Qxf6 15. Qxf6 gxf6 16. exd4 Kg7 17. Nd2 Rfe8 18. Kf2 Re7 19. Rae1 Rd7 20. Nf3 Rdd8 21. Re2 Rg8 22. Rfe1 Kh8 23. Ke3 Rg7 24. Kd2 Rag8 25. g4 h5 26. Rg1 Kh7 27. Reg2 Kh6 28. Ke3 Rg6 29. Kf4 Kh7 30. g5 b6 31. h4 R8g7 32. Ne1 Kg8 33. Kf5 Kf8 34. gxf6 Rxg2 35. Rxg2 Rxg2 36. Nxg2 1-0